[Event "SVK-chT4 A21 1920"]
[Site "Slovakia"]
[Date "2020.02.09"]
[Round "8.5"]
[White "Hyza, Richard"]
[Black "Visvader, Kristof"]
[Result "1-0"]
[WhiteElo "1283"]
[BlackElo "1415"]
[PlyCount "91"]
[EventDate "2019.10.13"]
[EventType "team-tourn"]
[EventRounds "11"]
[EventCountry "SVK"]
[SourceTitle "CBM 195 Extra"]
[Source "ChessBase"]
[SourceDate "2020.05.31"]
[SourceVersion "1"]
[SourceVersionDate "2020.05.31"]
[SourceQuality "1"]
[WhiteTeam "Gbely Nafta III"]
[BlackTeam "Stefanov"]
[WhiteTeamCountry "SVK"]
[BlackTeamCountry "SVK"]

1. f4 f6 2. Nf3 Nc6 3. e3 e5 4. fxe5 fxe5 5. d3 Nf6 6. Nc3 d5 7. Be2 Be6 8. 0-0 Qd7 9. b3 0-0-0 10. Bb2 h6 11. a3 Be7 12. Qd2 e4 13. dxe4 Nxe4 14. Nxe4 dxe4 15. Qxd7+ Rxd7 16. Nd4 Bf6 17. Nxe6 Bxb2 18. Ra2 Bf6 19. Nf4 Rd6 20. Rd1 Rxd1+ 21. Bxd1 Rd8 22. Be2 Ne5 23. Kf2 Rd2 24. Ke1 Rd6 25. c4 Nd3+ 26. Bxd3 exd3 27. Kd2 Be5 28. g3 Bxf4 29. exf4 Rb6 30. Kc3 Kd7 31. Rd2 Rd6 32. Rxd3 Rxd3+ 33. Kxd3 Ke6 34. Ke4 Kf6 35. g4 c6 36. h4 g6 37. g5+ hxg5 38. hxg5+ Ke6 39. b4 a6 40. a4 b5 41. axb5 axb5 42. c5 Kf7 43. Ke5 Ke7 44. f5 gxf5 45. Kxf5 Kf7 46. Ke5 1-0

[Event "SVK-chT5 SE-SI 1819"]
[Site "Slovakia"]
[Date "2018.12.08"]
[Round "4.2"]
[White "Hyza, Richard"]
[Black "Nater, Nikolas"]
[Result "0-1"]
[WhiteElo "1271"]
[BlackElo "1293"]
[PlyCount "104"]
[EventDate "2018.10.20"]
[EventType "team-tourn"]
[EventRounds "10"]
[EventCountry "SVK"]
[SourceTitle "CBM 189 Extra"]
[Source "ChessBase"]
[SourceDate "2019.06.03"]
[SourceVersion "1"]
[SourceVersionDate "2019.06.03"]
[SourceQuality "1"]
[WhiteTeam "Gbely Nafta IV"]
[BlackTeam "Senica CVC III"]
[WhiteTeamCountry "SVK"]
[BlackTeamCountry "SVK"]

1. e4 e5 2. Nf3 Nc6 3. Bc4 Bc5 4. d3 d6 5. Nc3 Nf6 6. Bg5 Bb4 7. h3 Be6 8. Bb3 h6 9. Bh4 g5 10. Bg3 Qe7 11. 0-0 0-0-0 12. Qe2 g4 13. Bxe6+ fxe6 14. hxg4 Nxg4 15. Nh4 Qg7 16. f3 Nd4 17. Qd2 Ne3 18. Bf2 Nxf1 19. Kxf1 Qg5 20. Qxg5 hxg5 21. Ng6 Rh1+ 22. Bg1 Bc5 23. Rc1 Nxf3 24. Ke2 Nxg1+ 25. Kd2 Rh2 26. Rd1 Rxg2+ 27. Kc1 Ne2+ 28. Nxe2 Rxe2 29. Kb1 Kd7 30. a3 Rg8 31. Nxe5+ dxe5 32. Ka2 g4 33. c3 g3 34. d4 exd4 35. cxd4 Bd6 36. e5 g2 37. exd6 g1Q 38. Rxg1 Rxg1 39. Kb3 Rc1 40. Ka2 Kxd6 41. Kb3 c5 42. dxc5+ Kxc5 43. a4 Re3+ 44. Ka2 Kb4 45. a5 Kxa5 46. b3 Kb4 47. Kb2 Rxb3+ 48. Kxc1 Kc3 49. Kd1 Rb2 50. Kc1 Rd2 51. Kb1 Rg2 52. Ka1 Kb3 0-1

[Event "SVK-chT5 1718"]
[Site "Slovakia"]
[Date "2018.01.20"]
[Round "6"]
[White "Hyza, Richard"]
[Black "Nater, Nikolas"]
[Result "1/2-1/2"]
[WhiteElo "1374"]
[BlackElo "1303"]
[PlyCount "72"]
[EventDate "2017.10.21"]
[EventType "team-tourn"]
[EventRounds "9"]
[EventCountry "SVK"]
[SourceTitle "EXT 2019"]
[Source "ChessBase"]
[SourceDate "2018.10.10"]
[SourceVersion "1"]
[SourceVersionDate "2018.10.10"]
[SourceQuality "1"]
[WhiteTeam "Gbely Nafta IV"]
[BlackTeam "Senica III"]
[WhiteTeamCountry "SVK"]
[BlackTeamCountry "SVK"]

1. e4 e5 2. Nf3 Nc6 3. Bc4 Nf6 4. d3 Bc5 5. Nc3 d6 6. Be3 Bb6 7. Ng5 0-0 8. 0-0 Bg4 9. Qd2 Bh5 10. Nd5 Nxd5 11. Bxd5 h6 12. Nf3 Bxf3 13. gxf3 Nd4 14. Bxd4 Bxd4 15. c3 c6 16. cxd4 cxd5 17. exd5 exd4 18. Rac1 Rc8 19. Rfe1 Re8 20. Re4 Rxe4 21. Rxc8 Qxc8 22. dxe4 Qc4 23. Qa5 a6 24. b3 Qc2 25. Qd8+ Kh7 26. Qd7 Qc1+ 27. Kg2 h5 28. Qf5+ Kh6 29. f4 f6 30. e5 dxe5 31. fxe5 fxe5 32. Qe6+ g6 33. Qg8 Kg5 34. Qd8+ Kf5 35. Qf8+ Kg5 36. Qd8+ Kf5 1/2-1/2

[Event "SVK-chT5 1718"]
[Site "Slovakia"]
[Date "2017.11.04"]
[Round "2"]
[White "Rehak, Vladimir"]
[Black "Hyza, Richard"]
[Result "0-1"]
[WhiteElo "1596"]
[BlackElo "1374"]
[PlyCount "54"]
[EventDate "2017.10.21"]
[EventType "team-tourn"]
[EventRounds "9"]
[EventCountry "SVK"]
[SourceTitle "EXT 2019"]
[Source "ChessBase"]
[SourceDate "2018.10.10"]
[SourceVersion "1"]
[SourceVersionDate "2018.10.10"]
[SourceQuality "1"]
[WhiteTeam "Myjava Spartak"]
[BlackTeam "Gbely Nafta IV"]
[WhiteTeamCountry "SVK"]
[BlackTeamCountry "SVK"]

1. f4 d5 2. Nf3 Nc6 3. e3 Nf6 4. Bb5 Bg4 5. 0-0 e6 6. d3 Be7 7. h3 Bh5 8. g4 Bg6 9. Ne5 0-0 10. Nxc6 bxc6 11. Bxc6 Rb8 12. Nd2 h6 13. Nf3 Nd7 14. Ne5 Nxe5 15. fxe5 Bh4 16. a3 Qg5 17. d4 f5 18. exf6 Rxf6 19. Rxf6 Qxf6 20. Qe2 Rf8 21. c3 Be4 22. Bb5 Qf2+ 23. Qxf2 Bxf2+ 24. Kh2 Bh4 25. b4 Rf2+ 26. Kg1 Rg2+ 27. Kf1 Bf3 0-1

[Event "SVK-chT5 1516"]
[Site "Slovakia"]
[Date "2016.03.05"]
[Round "8.2"]
[White "Damborsky, Pavol"]
[Black "Hyza, Richard"]
[Result "1/2-1/2"]
[WhiteElo "1674"]
[BlackElo "1000"]
[PlyCount "49"]
[EventDate "2015.10.24"]
[EventType "team-tourn"]
[EventRounds "9"]
[EventCountry "SVK"]
[SourceTitle "EXT 2017"]
[Source "ChessBase"]
[SourceDate "2016.10.25"]
[SourceVersion "1"]
[SourceVersionDate "2016.10.25"]
[SourceQuality "1"]
[WhiteTeam "Kopcany"]
[BlackTeam "Gbely Nafta V"]
[WhiteTeamCountry "SVK"]
[BlackTeamCountry "SVK"]

1. e4 e5 2. Nf3 Nc6 3. Bc4 Nf6 4. d3 Bc5 5. Bg5 d6 6. h3 Be6 7. Nbd2 h6 8. Bxf6 Qxf6 9. c3 Qe7 10. b4 Bb6 11. Bxe6 fxe6 12. Nc4 Qd7 13. Nxb6 axb6 14. Nh4 Qf7 15. 0-0 g5 16. Nf3 b5 17. Nh2 Rg8 18. f3 b6 19. Ng4 Rh8 20. Qe2 h5 21. Nh2 d5 22. Qd2 Qf4 23. Qc2 Rg8 24. Qb3 Qf7 25. a3 1/2-1/2

[Event "SVK-chT5 1516"]
[Site "Slovakia"]
[Date "2016.01.16"]
[Round "5.2"]
[White "Hyza, Richard"]
[Black "Svrcek, Daniel"]
[Result "0-1"]
[WhiteElo "1000"]
[BlackElo "1146"]
[PlyCount "78"]
[EventDate "2015.10.24"]
[EventType "team-tourn"]
[EventRounds "9"]
[EventCountry "SVK"]
[SourceTitle "EXT 2017"]
[Source "ChessBase"]
[SourceDate "2016.10.25"]
[SourceVersion "1"]
[SourceVersionDate "2016.10.25"]
[SourceQuality "1"]
[WhiteTeam "Gbely Nafta V"]
[BlackTeam "Holic III"]
[WhiteTeamCountry "SVK"]
[BlackTeamCountry "SVK"]

1. e4 e6 2. Nc3 d5 3. f3 Bb4 4. b3 Nf6 5. Bb2 Bxc3 6. Bxc3 dxe4 7. Bxf6 Qxf6 8. fxe4 Qh4+ 9. g3 Qxe4+ 10. Qe2 Qxh1 11. Nf3 b6 12. 0-0-0 Bb7 13. Bg2 Bxf3 14. Bxf3 Qxd1+ 15. Qxd1 c6 16. Bxc6+ Nxc6 17. Qf3 Rc8 18. Kb2 0-0 19. a3 Nd4 20. Qd3 Rxc2+ 21. Kb1 e5 22. Qe4 Re8 23. a4 Rxd2 24. Kc1 Nxb3+ 25. Kb1 Rxh2 26. Qe1 Rc8 27. g4 Rc1+ 28. Qxc1 Nxc1 29. Kxc1 f6 30. Kd1 Kf7 31. Ke1 Ke6 32. Kf1 Kd5 33. Kg1 Ra2 34. Kf1 Ke4 35. Ke1 Kd3 36. Kf1 Ke3 37. g5 fxg5 38. a5 bxa5 39. Ke1 Ra1# 0-1